The Dynamics of a Rural Society: (Record no. 199377)
[ view plain ]
| 000 -LEADER | |
|---|---|
| fixed length control field | 00638nam a22001817a 4500 |
| 005 - DATE AND TIME OF LATEST TRANSACTION | |
| control field | 20231201125011.0 |
| 010 ## - LCCN (DPL NO) | |
| LC control number | ENG-138537 |
| 020 ## - INTERNATIONAL STANDARD BOOK NUMBER | |
| International Standard Book Number | 9789381574003 |
| Terms of availability | 300.00 |
| 035 ## - SYSTEM CONTROL NUMBER | |
| System control number | EN-1122069 |
| 037 ## - SOURCE OF ACQUISITION | |
| Source of stock number/acquisition | DBAD/PUB |
| 082 ## - DEWEY DECIMAL CLASSIFICATION NUMBER | |
| Classification number | 301.35095414 |
| 100 ## - MAIN ENTRY--PERSONAL NAME | |
| Personal name | Mukherjee, Ramkrishna |
| 245 ## - TITLE STATEMENT | |
| Title | The Dynamics of a Rural Society: |
| Remainder of title | A Study of the Economics Structure in Bengal Village/ |
| Statement of responsibility, etc | by Ramkrishna Mukherjee |
| 260 ## - PUBLICATION, DISTRIBUTION, ETC. (IMPRINT) | |
| Place of publication, distribution, etc | Kolkata |
| Name of publisher, distributor, etc | Professor Mihir Kumar Chakrabarti, Gerneral Secretary |
| Date of publication, distribution, etc | 2012 |
| 270 ## - ADDRESS | |
| City | Kolkata |
| Address | 1 Park street |
| Postal code | 700 016 |
| 300 ## - PHYSICAL DESCRIPTION | |
| Extent | 134p.; |
| Dimensions | 25cm(pbk) |
| 942 ## - ADDED ENTRY ELEMENTS (KOHA) | |
| Source of classification or shelving scheme | Dewey Decimal Classification |
| Item type | English Books |
| Classification part | 301.35095414 |
| Call number suffix | MUK |
| Withdrawn status | Lost status | Not for loan | Collection code | Home library | Current library | Date acquired | Source of acquisition | Cost, normal purchase price | Full call number | Barcode | Copy number | Cost, replacement price | Koha item type |
|---|---|---|---|---|---|---|---|---|---|---|---|---|---|
| Non-fiction | Vinoba Puri | Vinoba Puri | 01/12/2023 | DBAD/PUB | 300.00 | 301.35095414 MUK | EN-122069 | 1 | 300.00 | English Books |
